Summa modorum significandi (Record no. 116346)
[ view plain ]
| 000 -LEADER | |
|---|---|
| fixed length control field | 01802nam a2200409 a 4500 |
| 082 04 - DEWEY DECIMAL CLASSIFICATION NUMBER | |
| Classification number | 415 |
| 100 0# - MAIN ENTRY--AUTHOR NAME | |
| Personal name | Siger, |
| 245 10 - TITLE STATEMENT | |
| Title | Summa modorum significandi |
| 250 ## - EDITION STATEMENT | |
| Edition statement | New ed., on the basis of G. Wallerand's editio prima / |
| 260 ## - PUBLICATION, DISTRIBUTION, ETC. (IMPRINT) | |
| Place of publication | Amsterdam : |
| Name of publisher | J. Benjamins, |
| Year of publication | c1977. |
| 300 ## - PHYSICAL DESCRIPTION | |
| Number of Pages | xli, 108 p. |
| 490 1# - SERIES STATEMENT | |
| Series statement | Amsterdam studies in the theory and history of linguistic science. Series III, Studies in the history of linguistics ; |
| 650 #0 - SUBJECT ADDED ENTRY--TOPICAL TERM | |
| Topical Term | Speculative grammar. |
| 700 1# - ADDED ENTRY--PERSONAL NAME | |
| Personal name | Wallerand, Gaston, |
| Personal name | Pinborg, Jan. |
| Personal name | Siger, |
| 856 40 - ELECTRONIC LOCATION AND ACCESS | |
| Uniform Resource Identifier | http://site.ebrary.com/lib/rucke/Doc?id=10509441 |
No items available.
